000 00474nam a22001937a 4500
999 _c162994
_d162994
010 _aB-158593
035 _aA-158593
037 _aDBAD/PUB
082 _22004
_a155.4
100 _aJafar, Mahmud
245 _aChild Psychology
_hEnglish
250 _a2004
260 _aNew Delhi
_bAPH
270 _a5, Ansari Road Daryaganj
300 _a254 pase
_c21 CM HB
700 _aJafar, Mahmud
760 _b2004
942 _2ddc
_cEN
_e2004
_h155.4
_kJAF